<?xml version="1.0" encoding="UTF-8"?>
<collection xmlns="http://www.loc.gov/MARC21/slim">
 <record>
  <leader>02213nam a2200241Ia 4500</leader>
  <controlfield tag="001">CTU_237594</controlfield>
  <controlfield tag="008">210402s9999    xx            000 0 und d</controlfield>
  <datafield tag="082" ind1=" " ind2=" ">
   <subfield code="a">639.68</subfield>
  </datafield>
  <datafield tag="082" ind1=" " ind2=" ">
   <subfield code="b">W758</subfield>
  </datafield>
  <datafield tag="088" ind1=" " ind2=" ">
   <subfield code="a">8620301</subfield>
  </datafield>
  <datafield tag="100" ind1=" " ind2=" ">
   <subfield code="a">Win, Thura</subfield>
  </datafield>
  <datafield tag="245" ind1=" " ind2="4">
   <subfield code="a">The effects of herbal extracts on the innate immunity and growth performance of whiteleg shrimp (Litopenaeus vannamei) :</subfield>
  </datafield>
  <datafield tag="245" ind1=" " ind2="0">
   <subfield code="b">Graduate thesis. Major:  Aquaculture</subfield>
  </datafield>
  <datafield tag="245" ind1=" " ind2="0">
   <subfield code="c">Thura Win ; Tran Thi Tuyet Hoa (Supervisor)</subfield>
  </datafield>
  <datafield tag="260" ind1=" " ind2=" ">
   <subfield code="a">Can Tho</subfield>
  </datafield>
  <datafield tag="260" ind1=" " ind2=" ">
   <subfield code="b">Can Tho University</subfield>
  </datafield>
  <datafield tag="260" ind1=" " ind2=" ">
   <subfield code="c">2020</subfield>
  </datafield>
  <datafield tag="520" ind1=" " ind2=" ">
   <subfield code="a">An eight-week feeding trial was conduct to investigate the effects  of different supplement schedules of the herbal extracts on the growth performance, innate immunity and disease resistance against  Vibrio parahaemolyticus  of whiteleg shrimp (Litopenaeus vannamei).  Five experimental diets were prepared with supplementation of herbal extracts by 0% herbal extract, 1% Terminalia catappa extract for  two  week intervals  and  for  four week intervals, 1%  Sonneratia caseolaris extract  for 2 week intervals, and for 4 week  intervals (designated as  Control, B2, B4, K2, and K4, respectively). Quadruplicate groups of shrimp (0.6 ± 0.08  g) were fed with  respective  diets four times a day  during 8 weeks. Shrimp were sampled for determination of growth performance, immunity index (week 2, 4 and 8) and disease resistance against V. parahaemolyticus (week 4 and 8).  The obtained results indicated that (i) the growth performance were significantly enhanced in whiteleg shrimp fed with 1% herbal extracts of B2, K2 and K4 treatments whereas B4 treatment was no statistically significant difference; (ii) The innate immune system parameters  of herbal extracts treatments  were significantly enhanced in both of supplement schedules; (iii) The cumulative mortality was difference between two week interval supplement treatments (K2-50%; B2-40%) and 4 week intervals supplement treatments (K4-30%; B4-23.3%) and lower than control treatment (63.3%).</subfield>
  </datafield>
  <datafield tag="650" ind1=" " ind2=" ">
   <subfield code="a">Nuôi tôm,Shrimp culture</subfield>
  </datafield>
  <datafield tag="904" ind1=" " ind2=" ">
   <subfield code="i">Tuyến</subfield>
  </datafield>
  <datafield tag="910" ind1=" " ind2=" ">
   <subfield code="b">tvtrong</subfield>
  </datafield>
  <datafield tag="910" ind1=" " ind2=" ">
   <subfield code="c">tvtrong,tvtrong</subfield>
  </datafield>
  <datafield tag="980" ind1=" " ind2=" ">
   <subfield code="a">Trung tâm Học liệu Trường Đại học Cần Thơ</subfield>
  </datafield>
 </record>
</collection>
